000 00413nam a2200157Ia 4500
008 221030s9999 xx 000 0 und d
020 _a8188458031
041 _aEnglish
082 _a105.23
_bSae
100 _aS. H. Saeed
245 0 _aAutomatic Control Systems (with Matlab Programs)
_cby S. H. Saeed
260 _bS.K Kataria & Sons
_aNew Delhi
_c2006
300 _a659
650 _aBE Computer
942 _cBK
999 _c3583
_d3583